000 00383cam a2200169 4500
001 D12665
008 090401t1941 xxu||||| |||| 00| 0 eng d
035 _a(Sirsi) u5036
041 _aeng
100 _aEardley, A.J.
245 _aAerial photographs
260 _aNew York
_bHarper and Brothers
_c1941
350 _a0
520 _aShelf 179
942 _n0
948 _c04/03/1997
999 _c86112
_d86112